000 00345nam a2200145Ia 4500
008 210716s1970 xx 000 0 und d
041 _aeng
082 _a150 HYMR
100 _aHyman, Ronald T.
245 _aWays of teaching.
250 _a1
260 _aNew York
_bJ B Lippincott Company
_c1970
300 _axi,290
650 _aPsychology
999 _c200669
_d200669